POLICY ANALYSIS : (Registro nro. 54687)
[ vista simple ]
| 000 -LEADER | |
|---|---|
| fixed length control field | 00943nam a2200205 a 4500 |
| 001 - CONTROL NUMBER | |
| control field | 54687 |
| 005 - DATE AND TIME OF LATEST TRANSACTION | |
| control field | 20180714045643.0 |
| 008 - FIXED-LENGTH DATA ELEMENTS--GENERAL INFORMATION | |
| fixed length control field | 140415s1999 000 0 spa d |
| 020 ## - INTERNATIONAL STANDARD BOOK NUMBER | |
| International Standard Book Number | 0131090836 |
| 041 ## - LANGUAGE CODE | |
| Language code of text/sound track or separate title | spa |
| 082 ## - DEWEY DECIMAL CLASSIFICATION NUMBER | |
| Classification number | 320.6 |
| Item number | WEI |
| 100 1# - MAIN ENTRY--PERSONAL NAME | |
| Personal name | WEIMER, DAVID L. |
| 245 10 - TITLE STATEMENT | |
| Title | POLICY ANALYSIS : |
| Remainder of title | CONCEPTS AND PRACTICE |
| 250 ## - EDITION STATEMENT | |
| Edition statement | 3a ed. |
| 260 ## - PUBLICATION, DISTRIBUTION, ETC. | |
| Place of publication, distribution, etc. | [s.l.] : |
| Name of publisher, distributor, etc. | PRENTICE HALL, INC.,, |
| Date of publication, distribution, etc. | 1999 |
| 300 ## - PHYSICAL DESCRIPTION | |
| Extent | 39 |
| Dimensions | 15.1 x 2.3 x 22.6 |
| 520 ## - SUMMARY, ETC. | |
| Summary, etc. | THE BOOK IS ORGANIZED IN FOUR PARTS IN PART I AFTER PROVIDING AN EXAMPLE OF A POLICY ANALYSESIN II WE PROVIDED A COMPREHENSIVE TREARMENT OF RATIONALES FOR PUBLIC POLICY IN PART III WE GIVE PRACTICAL ADVICE ABOUT DOING POLICY ANALYSIS AND IN PART IV WE PRESENT SEVERAL EXTENDED EXPLAMES ILLUSTRATIONS HOW ANALYSTING HAVE APPRACHED POLICY PROBLEMS AND THE DIFFERENCES THAT THEIR EFFORTS HAVE MADE. |
| 650 14 - SUBJECT ADDED ENTRY--TOPICAL TERM | |
| Topical term or geographic name entry element | CIENCIAS POLITICAS |
| 700 1# - ADDED ENTRY--PERSONAL NAME | |
| Personal name | VINING, AIDAN R. |
| Relator term | coaut. |
| Withdrawn status | Lost status | Source of classification or shelving scheme | Damaged status | Not for loan | Collection code | Home library | Current library | Shelving location | Date acquired | Source of acquisition | Inventory number | Total Checkouts | Total Renewals | Full call number | Barcode | Date last seen | Date last checked out | Price effective from | Koha item type |
|---|---|---|---|---|---|---|---|---|---|---|---|---|---|---|---|---|---|---|---|
| Dewey Decimal Classification | General | Biblioteca Karol Wojtyla | Biblioteca Karol Wojtyla | Sala general | 03/12/2013 | Compra | 151000000000000000056037 | 1 | 1 | 320.6 WEI | 81979 | 05/01/2026 | 07/09/2023 | 03/12/2013 | Libro |